All paths lead to rain: Explaining why watershed development in India does not alleviate the experience of water scarcity (Record no. 105598)

000 -LEADER
fixed length control field 00597pab a2200205 454500
008 - FIXED-LENGTH DATA ELEMENTS--GENERAL INFORMATION
fixed length control field 180718b2014 xxu||||| |||| 00| 0 eng d
100 ## - MAIN ENTRY--PERSONAL NAME
Personal name Bharucha, Zareen
245 ## - TITLE STATEMENT
Title All paths lead to rain: Explaining why watershed development in India does not alleviate the experience of water scarcity
260 ## - PUBLICATION, DISTRIBUTION, ETC.
Date of publication, distribution, etc. 2014
300 ## - PHYSICAL DESCRIPTION
Extent p.1209-1225.
362 ## - DATES OF PUBLICATION AND/OR SEQUENTIAL DESIGNATION
Dates of publication and/or sequential designation Sep
650 ## - SUBJECT ADDED ENTRY--TOPICAL TERM
Topical term or geographic name entry element Watersheds - India
650 ## - SUBJECT ADDED ENTRY--TOPICAL TERM
Topical term or geographic name entry element Water storage - India
650 ## - SUBJECT ADDED ENTRY--TOPICAL TERM
Topical term or geographic name entry element Watersheds
700 ## - ADDED ENTRY--PERSONAL NAME
Personal name Pretty, Jules
700 ## - ADDED ENTRY--PERSONAL NAME
Personal name Smith, David
773 ## - HOST ITEM ENTRY
Main entry heading Journal of Development Studies
908 ## - PUT COMMAND PARAMETER (RLIN)
Put command parameter N
909 ## -
-- 105603
Holdings
Withdrawn status Lost status Damaged status Not for loan Permanent Location Current Location Date acquired Serial Enumeration / chronology Barcode Date last seen Price effective from Koha item type
        Indian Institute of Public Administration Indian Institute of Public Administration 2018-07-19 Volume no: 50, Issue no: 9 AR106063 2018-07-19 2018-07-19 Articles

Powered by Koha